Types de données et algorithmes: T1
Gorde:
| Egile nagusia: | |
|---|---|
| Formatua: | Liburua |
| Hizkuntza: | Undetermined |
| Argitaratua: |
Paris
INRIA
|
| Gaiak: | |
| Etiketak: |
Etiketa erantsi
Etiketarik gabe, Izan zaitez lehena erregistro honi etiketa jartzen!
|
| Thư viện lưu trữ: | Trung tâm Học liệu Trường Đại học Cần Thơ |
|---|
| LEADER | 00442nam a2200157Ia 4500 | ||
|---|---|---|---|
| 001 | CTU_5100 | ||
| 008 | 210402s9999 xx 000 0 und d | ||
| 082 | |a 511.8 | ||
| 082 | |b G266/T | ||
| 100 | |a Marie Claude Gaudel | ||
| 245 | 0 | |a Types de données et algorithmes: T1 | |
| 245 | 0 | |c Marie Claude Gaudel, Michèle Soria | |
| 260 | |a Paris | ||
| 260 | |b INRIA | ||
| 650 | |a Algorithms | ||
| 980 | |a Trung tâm Học liệu Trường Đại học Cần Thơ | ||